Rating valuation principles and practice (Record no. 102579)

MARC details
000 -LEADER
fixed length control field 01057cam a2200253 4500
008 - FIXED-LENGTH DATA ELEMENTS--GENERAL INFORMATION
fixed length control field 030113n2002 000 0 eng u
020 ## - INTERNATIONAL STANDARD BOOK NUMBER
International Standard Book Number 0728203952
035 ## - SYSTEM CONTROL NUMBER
System control number (Sirsi) u120967
041 ## - LANGUAGE CODE
Language code of text/sound track or separate title eng.
050 ## - LIBRARY OF CONGRESS CALL NUMBER
Classification number 336.2
-- 18
100 ## - MAIN ENTRY--PERSONAL NAME
Personal name Bond, Patrick
245 ## - TITLE STATEMENT
Title Rating valuation principles and practice
260 ## - PUBLICATION, DISTRIBUTION, ETC.
Place of publication, distribution, etc. London
Name of publisher, distributor, etc. Estates Gazette
Date of publication, distribution, etc. 2002
300 ## - PHYSICAL DESCRIPTION
Extent xxviii, 383p.
Dimensions 22cm.
350 ## - PRICE (NR) (BK AM CF MU VM SE) [OBSOLETE]
Price 28
520 ## - SUMMARY, ETC.
Summary, etc. Aimed at students and practitioners, this text looks at rating law, valuation and how the principles apply in practice. Covers the valuation of different property types including domestic dwellings, shops, offices, factories, warehouses and workshops. Includes illustrative examples throughout of valuation methods for the various different types of property a practitioner is likely to deal with.
520 ## - SUMMARY, ETC.
Summary, etc. Superseded by 2nd edition (ISBN 0728204924).
650 ## - SUBJECT ADDED ENTRY--TOPICAL TERM
Topical term or geographic name entry element RATING
650 ## - SUBJECT ADDED ENTRY--TOPICAL TERM
Topical term or geographic name entry element Valuation
9 (RLIN) 6273
650 ## - SUBJECT ADDED ENTRY--TOPICAL TERM
Topical term or geographic name entry element RATING VALUATION
690 ## - LOCAL SUBJECT ADDED ENTRY--TOPICAL TERM (OCLC, RLIN)
Topical term or geographic name as entry element RATING AND LOCAL TAXATION
700 ## - ADDED ENTRY--PERSONAL NAME
Personal name Brown, Peter
942 ## - ADDED ENTRY ELEMENTS (KOHA)
Suppress in OPAC 0
Holdings
Withdrawn status Lost status Source of classification or shelving scheme Damaged status Not for loan Home library Current library Shelving location Date acquired Cost, normal purchase price Total Checkouts Full call number Barcode Date last seen Date last checked out Copy number Cost, replacement price Price effective from Koha item type
    Dewey Decimal Classification     London London Basement 05/02/2003 23.80 1 SHELF 321 30068357 06/08/2019 31/03/2003 1 23.80 06/08/2019 Reference material